[Event "RUS-chT 31th"]
[Site "Sochi"]
[Date "2024.05.10"]
[Round "9.8"]
[White "Tsaruk, Maksim"]
[Black "Matlakov, Maxim"]
[Result "0-1"]
[WhiteElo "2491"]
[BlackElo "2663"]
[PlyCount "86"]
[EventDate "2024.05.01"]
[EventType "team-tourn"]
[EventRounds "9"]
[EventCountry "RUS"]
[SourceTitle "CB20_2024"]
[SourceDate "2024.05.16"]
[SourceVersion "1"]
[SourceVersionDate "2024.05.16"]
[SourceQuality "1"]
[WhiteTeam "Belarus"]
[BlackTeam "Moscow KPRF"]
[WhiteTeamCountry "BLR"]
[BlackTeamCountry "RUS"]

1. d4 Nf6 2. c4 e6 3. Nc3 Bb4 4. f3 c5 5. d5 b5 6. e4 d6 7. Bd2 a6 8. a4 exd5 9. cxd5 bxa4 10. Qxa4+ Nbd7 11. Nh3 0-0 12. Nf2 a5 13. Be2 Qb6 14. 0-0 Ba6 15. Bxa6 Qxa6 16. Qc2 Rab8 17. Bg5 h6 18. Bh4 Nh5 19. Ne2 Ne5 20. Nd1 g5 21. f4 Qd3 22. Qxd3 Nxd3 23. fxg5 Rfe8 24. Ndc3 Bxc3 25. Nxc3 Rxb2 26. Rxa5 Ndf4 27. gxh6 Rxg2+ 28. Kh1 Rc2 29. Ra3 Kh7 30. Bg3 Nxg3+ 31. hxg3 Nh5 32. Rxf7+ Kxh6 33. Rf3 Kg5 34. Ra2 Kg4 35. Rxc2 Kxf3 36. Kg1 Nxg3 37. Rf2+ Ke3 38. Rf6 Nxe4 39. Nxe4 Rxe4 40. Rxd6 c4 41. Rd8 c3 42. d6 Rd4 43. d7 Kd2 0-1

[Event "Chess.com Classic Play In"]
[Site "Chess.com INT"]
[Date "2024.05.08"]
[Round "4"]
[White "Flores, Diego"]
[Black "Matlakov, Maxim"]
[Result "0-1"]
[WhiteElo "2548"]
[BlackElo "2663"]
[PlyCount "50"]
[EventDate "2024.05.08"]
[EventType "swiss (rapid)"]
[EventRounds "9"]
[EventCountry "USA"]
[SourceTitle "CB20_2024"]
[SourceDate "2024.05.16"]
[SourceVersion "1"]
[SourceVersionDate "2024.05.16"]
[SourceQuality "1"]

1. c4 e6 2. Nf3 d5 3. g3 Nf6 4. Bg2 Be7 5. 0-0 0-0 6. b3 d4 7. e3 c5 8. exd4 cxd4 9. d3 Nc6 10. a3 a5 11. Bg5 h6 12. Bxf6 Bxf6 13. Nbd2 Be7 14. Re1 Qc7 15. Qe2 Rd8 16. Ne5 Ra6 17. Bxc6 bxc6 18. Qh5 Bf8 19. f4 c5 20. Ne4 Rb6 21. Rab1 Bb7 22. g4 Bxe4 23. Rxe4 a4 24. f5 axb3 25. fxe6 Rxe6 0-1

[Event "RUS-chT 31th"]
[Site "Sochi"]
[Date "2024.05.08"]
[Round "7.15"]
[White "Matlakov, Maxim"]
[Black "Iljiushenok, Ilia"]
[Result "1-0"]
[WhiteElo "2663"]
[BlackElo "2538"]
[PlyCount "119"]
[EventDate "2024.05.01"]
[EventType "team-tourn"]
[EventRounds "9"]
[EventCountry "RUS"]
[SourceTitle "CB20_2024"]
[SourceDate "2024.05.16"]
[SourceVersion "1"]
[SourceVersionDate "2024.05.16"]
[SourceQuality "1"]
[WhiteTeam "Moscow KPRF"]
[BlackTeam "Moscow Region"]
[WhiteTeamCountry "RUS"]
[BlackTeamCountry "RUS"]

1. e4 c5 2. Nf3 d6 3. d4 cxd4 4. Nxd4 Nf6 5. Nc3 a6 6. Bd3 e5 7. Nde2 Be7 8. 0-0 0-0 9. Ng3 Bg4 10. Be2 Be6 11. Be3 g6 12. Qd2 Re8 13. Bh6 d5 14. exd5 Nxd5 15. Bf3 Nxc3 16. Qxc3 Nc6 17. Bxc6 bxc6 18. Rad1 Qc7 19. Ne4 Rad8 20. Nc5 Bc8 21. b4 Rd5 22. Be3 Red8 23. Rde1 a5 24. bxa5 f5 25. f3 Qd6 26. Nd3 Ba6 27. Bb6 Re8 28. Rf2 Bf8 29. Rfe2 Bg7 30. Nb4 Bxe2 31. Nxd5 e4 32. Qb3 cxd5 33. Rxe2 Kh8 34. Rd2 exf3 35. Qxf3 d4 36. Re2 Rxe2 37. Qxe2 Bh6 38. Kh1 Be3 39. c3 Qa3 40. Qe1 Qxa2 41. cxd4 f4 42. h3 f3 43. gxf3 Bf4 44. Qe8+ Kg7 45. Qe7+ Kg8 46. Kg1 Qh2+ 47. Kf1 Qxh3+ 48. Ke2 Qg2+ 49. Kd3 Qxf3+ 50. Kc4 Qf1+ 51. Kc5 h5 52. Qe4 Kh7 53. a6 Bh6 54. a7 Bf8+ 55. Kc6 Qa6 56. Kc7 Bd6+ 57. Kd7 Qxb6 58. a8Q Qc7+ 59. Ke6 Be7 60. Qe5 1-0

[Event "RUS-chT 31th"]
[Site "Sochi"]
[Date "2024.05.06"]
[Round "5.22"]
[White "Zvjaginsev, Vadim"]
[Black "Matlakov, Maxim"]
[Result "1-0"]
[WhiteElo "2564"]
[BlackElo "2663"]
[PlyCount "65"]
[EventDate "2024.05.01"]
[EventType "team-tourn"]
[EventRounds "9"]
[EventCountry "RUS"]
[SourceTitle "CB20_2024"]
[SourceDate "2024.05.16"]
[SourceVersion "1"]
[SourceVersionDate "2024.05.16"]
[SourceQuality "1"]
[WhiteTeam "Moscow ShSM"]
[BlackTeam "Moscow KPRF"]
[WhiteTeamCountry "RUS"]
[BlackTeamCountry "RUS"]

1. Nf3 d5 2. g3 c6 3. Bg2 Bg4 4. h3 Bh5 5. d3 Nf6 6. 0-0 Nbd7 7. c4 Bxf3 8. Bxf3 dxc4 9. dxc4 Ne5 10. Nd2 Nxf3+ 11. Nxf3 g6 12. Qxd8+ Rxd8 13. Be3 Ra8 14. a4 Bg7 15. Ra3 Ne4 16. Rb3 b6 17. a5 bxa5 18. Ra1 Nd6 19. Nd2 Nf5 20. Bc5 0-0 21. Rxa5 Rad8 22. Nf3 Rd1+ 23. Kg2 Rc1 24. Rxa7 Rxc4 25. Bxe7 Re8 26. Ba3 h6 27. g4 Nd4 28. Nxd4 Bxd4 29. Rd7 Rxe2 30. Rd8+ Kg7 31. Bf8+ Kh7 32. Rf3 Bb6 33. Rb8 1-0

[Event "RUS-chT 31th"]
[Site "Sochi"]
[Date "2024.05.04"]
[Round "4.8"]
[White "Matlakov, Maxim"]
[Black "Remizov, Yaroslav"]
[Result "1/2-1/2"]
[WhiteElo "2663"]
[BlackElo "2443"]
[PlyCount "177"]
[EventDate "2024.05.01"]
[EventType "team-tourn"]
[EventRounds "9"]
[EventCountry "RUS"]
[SourceTitle "CB20_2024"]
[SourceDate "2024.05.16"]
[SourceVersion "1"]
[SourceVersionDate "2024.05.16"]
[SourceQuality "1"]
[WhiteTeam "Moscow KPRF"]
[BlackTeam "Moscow Temus"]
[WhiteTeamCountry "RUS"]
[BlackTeamCountry "RUS"]

1. d4 d5 2. Nf3 Nf6 3. c4 e6 4. cxd5 exd5 5. Nc3 c6 6. Bf4 Bd6 7. Bxd6 Qxd6 8. e3 Bf5 9. Nh4 Bg4 10. Qc2 0-0 11. h3 Be6 12. Bd3 Na6 13. Bxa6 bxa6 14. Nf3 c5 15. dxc5 Qxc5 16. Rc1 Rfc8 17. 0-0 Ne4 18. Qd3 Qa5 19. Nxe4 dxe4 20. Qxe4 Bxa2 21. Rxc8+ Rxc8 22. Ra1 Qd5 23. Qa4 Bc4 24. Rc1 Qb5 25. Qd1 Qb8 26. Qd4 Be6 27. Rxc8+ Qxc8 28. Qxa7 Bd5 29. Nd4 h6 30. Qe7 a5 31. Qe5 Be6 32. Qb5 Qc1+ 33. Kh2 a4 34. Kg3 Qc7+ 35. Kf3 Bd7 36. Qd5 Bc8 37. Qa8 Kh7 38. Qxa4 Qb7+ 39. Kg3 Qxb2 40. Qc6 Bf5 41. Qc7 Bg6 42. Nf3 f6 43. Nd4 Qa2 44. Qe7 Qf7 45. Qd6 Qe8 46. Kh2 Bf7 47. Qc7 Bg6 48. Nc6 Qe4 49. Ne7 Bf7 50. Qc5 Be8 51. f3 Qe6 52. e4 Bd7 53. h4 Be8 54. g4 Qa2+ 55. Kg3 Qb1 56. Qf5+ g6 57. Qc5 Qe1+ 58. Qf2 Qa1 59. Nd5 Bf7 60. Kg2 Kg7 61. Qd2 Be6 62. Nf4 Bf7 63. Ne2 Bc4 64. Ng3 Bf7 65. h5 Qa7 66. Qb2 Qe7 67. f4 Kh7 68. hxg6+ Bxg6 69. Qd4 Kg7 70. Kh3 Qc7 71. e5 fxe5 72. fxe5 Qc1 73. e6+ Kg8 74. Qd8+ Kh7 75. Qd7+ Kg8 76. Qd8+ Kh7 77. Qf6 Qe3 78. Qe7+ Kg8 79. Qd8+ Kg7 80. Qe7+ Kg8 81. Qf6 Kh7 82. e7 h5 83. g5 Qe1 84. Qd6 Qe3 85. Qd7 Kg8 86. Qc8+ Kh7 87. Qd7 Kg8 88. Qd8+ Kh7 89. Qd7 1/2-1/2

[Event "Chessable Masters Play In"]
[Site "Chess.com INT"]
[Date "2024.01.31"]
[Round "5"]
[White "Matlakov, Maxim"]
[Black "Hong, Andrew Z"]
[Result "1/2-1/2"]
[WhiteElo "2662"]
[BlackElo "2539"]
[PlyCount "202"]
[EventDate "2024.01.31"]
[EventType "swiss (rapid)"]
[EventRounds "9"]
[EventCountry "USA"]
[SourceTitle "CB06_2024"]
[SourceDate "2024.02.07"]
[SourceVersion "1"]
[SourceVersionDate "2024.02.07"]
[SourceQuality "1"]

1. d4 d5 2. c4 e6 3. Nf3 Nf6 4. g3 Be7 5. Bg2 0-0 6. 0-0 dxc4 7. Qc2 a6 8. a4 Bd7 9. Qxc4 Bc6 10. Bg5 Nbd7 11. Nc3 a5 12. Rfe1 Bb4 13. Ne5 Bxg2 14. Kxg2 Nb6 15. Qd3 h6 16. Bxf6 Qxf6 17. Red1 Rfd8 18. Ne4 Qe7 19. Qf3 Bd6 20. Nd3 Nd5 21. Rac1 Qe8 22. b3 c6 23. Nxd6 Rxd6 24. Ne5 Nb4 25. e3 Rd5 26. e4 Rdd8 27. Rd2 Qe7 28. h4 Rac8 29. Rcd1 Qc7 30. Qh5 b6 31. Nc4 Rb8 32. Qe5 Qe7 33. d5 cxd5 34. exd5 Nxd5 35. Rxd5 Qb7 36. Nd6 Qa8 37. Nf5 exf5 38. Qxf5 Qc6 39. Kh2 Rxd5 40. Rxd5 Re8 41. Qd3 Qf6 42. Kg2 Qc6 43. Qf3 Qe6 44. h5 Qe4 45. Rd6 Qb4 46. Rd7 Rf8 47. Qd5 Qc3 48. Rd6 Qb4 49. Rc6 Re8 50. Rd6 Rf8 51. Rd7 Qc3 52. Rb7 Qb4 53. Qf3 Qd4 54. Qf5 Qd6 55. Kh2 Qc6 56. Ra7 Qd6 57. Rd7 Qb4 58. Kg2 Qxb3 59. Rd4 Re8 60. Rg4 Qe6 61. Qxe6 Rxe6 62. Rc4 Re5 63. g4 b5 64. Rc8+ Kh7 65. axb5 Rxb5 66. Ra8 g6 67. hxg6+ Kxg6 68. Kg3 h5 69. Ra6+ Kg7 70. f4 hxg4 71. Kxg4 f6 72. f5 Kf7 73. Ra7+ Ke8 74. Ra6 Ke7 75. Ra7+ Kf8 76. Ra6 Kg7 77. Ra7+ Kh6 78. Ra6 Rb4+ 79. Kf3 Rb3+ 80. Kg4 Rb4+ 81. Kf3 Kg5 82. Rxa5 Rf4+ 83. Kg3 Rf1 84. Rb5 Rg1+ 85. Kf2 Rg4 86. Kf3 Rf4+ 87. Kg3 Rd4 88. Ra5 Rd7 89. Kf3 Re7 90. Rb5 Re5 91. Rxe5 fxe5 92. Ke4 Kf6 93. Ke3 Kxf5 94. Kf3 e4+ 95. Ke3 Ke5 96. Ke2 Kd4 97. Kd2 e3+ 98. Ke2 Ke4 99. Ke1 Kd3 100. Kd1 e2+ 101. Ke1 Ke3 1/2-1/2

[Event "Chessable Masters Play In"]
[Site "Chess.com INT"]
[Date "2024.01.31"]
[Round "6"]
[White "Santos Ruiz, Miguel"]
[Black "Matlakov, Maxim"]
[Result "0-1"]
[WhiteElo "2596"]
[BlackElo "2662"]
[PlyCount "70"]
[EventDate "2024.01.31"]
[EventType "swiss (rapid)"]
[EventRounds "9"]
[EventCountry "USA"]
[SourceTitle "CB06_2024"]
[SourceDate "2024.02.07"]
[SourceVersion "1"]
[SourceVersionDate "2024.02.07"]
[SourceQuality "1"]

1. e4 e5 2. Nf3 Nc6 3. Bc4 Nf6 4. d3 Bc5 5. h3 d6 6. c3 a5 7. Nbd2 0-0 8. a4 Be6 9. Bxe6 fxe6 10. 0-0 Nh5 11. d4 exd4 12. cxd4 Ba7 13. Nb3 Nf4 14. g3 Ng6 15. Kg2 h6 16. Be3 Qf6 17. Rc1 Bb6 18. Rc3 Nb4 19. Qe2 Rf7 20. Nbd2 Raf8 21. Qb5 d5 22. e5 Qd8 23. Qe2 Ne7 24. Nh4 g5 25. Qg4 Nf5 26. Ng6 Re8 27. h4 Rg7 28. h5 Qd7 29. f4 c5 30. fxg5 cxd4 31. gxh6 dxc3 32. Bxb6 d4 33. Rxf5 exf5 34. Qg5 cxd2 35. hxg7 d1Q 0-1

[Event "Chessable Masters Play In"]
[Site "Chess.com INT"]
[Date "2024.01.31"]
[Round "1"]
[White "Sasikiran, Krishnan"]
[Black "Matlakov, Maxim"]
[Result "1/2-1/2"]
[WhiteElo "2586"]
[BlackElo "2662"]
[PlyCount "85"]
[EventDate "2024.01.31"]
[EventType "swiss (rapid)"]
[EventRounds "9"]
[EventCountry "USA"]
[SourceTitle "CB06_2024"]
[SourceDate "2024.02.07"]
[SourceVersion "1"]
[SourceVersionDate "2024.02.07"]
[SourceQuality "1"]

1. d4 Nf6 2. c4 e6 3. g3 d5 4. Bg2 Be7 5. Nf3 0-0 6. 0-0 dxc4 7. Qc2 a6 8. a4 h6 9. Rd1 Nc6 10. e3 Nb4 11. Qxc4 b5 12. Qe2 Bb7 13. Nc3 Nbd5 14. axb5 axb5 15. Bd2 b4 16. Nxd5 Bxd5 17. Be1 Qb8 18. Nd2 Qb7 19. e4 Bc6 20. f3 Bb5 21. Qe3 Rxa1 22. Rxa1 Ra8 23. Rc1 Nd7 24. Bf2 e5 25. Nb3 Ra2 26. Qd2 Bd6 27. f4 f6 28. fxe5 fxe5 29. Nc5 Bxc5 30. dxc5 Bc6 31. Bf1 Ra8 32. Be3 Nf6 33. Bxh6 Nxe4 34. Qe3 Rf8 35. Bg5 Bd5 36. Bd3 Nf2 37. Bf1 Qc6 38. Qxe5 Be6 39. Bg2 Nh3+ 40. Kh1 Nf2+ 41. Kg1 Nh3+ 42. Kh1 Nf2+ 43. Kg1 1/2-1/2

[Event "Titled Tuesday intern op 09th Jan Early"]
[Site "Chess.com INT"]
[Date "2024.01.09"]
[Round "4"]
[White "Kvaloy, Aksel Bu"]
[Black "Matlakov, Maxim"]
[Result "1-0"]
[WhiteElo "2443"]
[BlackElo "2662"]
[PlyCount "111"]
[EventDate "2024.01.09"]
[EventType "swiss (blitz)"]
[EventRounds "11"]
[EventCountry "USA"]
[SourceTitle "CB03_2024"]
[SourceDate "2024.01.17"]
[SourceVersion "1"]
[SourceVersionDate "2024.01.17"]
[SourceQuality "1"]

1. d4 d5 2. Nf3 Nf6 3. Bf4 Bf5 4. e3 e6 5. Nbd2 Bd6 6. Ne5 h6 7. Be2 Nbd7 8. g4 Bh7 9. h4 Ne4 10. Nxe4 Bxe4 11. f3 Bxe5 12. Bxe5 Nxe5 13. fxe4 Nd7 14. e5 c5 15. c3 a6 16. Qc2 Rc8 17. Kd2 b5 18. Raf1 Qb6 19. a3 a5 20. g5 b4 21. g6 f5 22. Rf4 cxd4 23. exd4 0-0 24. Rb1 Rc7 25. Rf3 Rb8 26. Rff1 Rbc8 27. Rf3 Qxd4+ 28. cxd4 Rxc2+ 29. Kd1 Nb6 30. axb4 axb4 31. Rb3 R2c7 32. Rxb4 Nc4 33. Bxc4 Rxc4 34. Rxc4 Rxc4 35. b4 Kf8 36. Ke2 Ke7 37. b5 Kd8 38. Kd3 Kc7 39. Ra1 Kb6 40. Ra6+ Kxb5 41. Rxe6 Rc1 42. Rd6 Rh1 43. Rxd5+ Kc6 44. Rd6+ Kc7 45. Ra6 Rxh4 46. Ra7+ Kd8 47. Rxg7 Rh3+ 48. Kc4 Rg3 49. d5 f4 50. d6 f3 51. e6 Kc8 52. d7+ Kc7 53. Rg8 Rg4+ 54. Kc5 Rg5+ 55. Kc4 Rg4+ 56. Kc3 1-0

[Event "Wch Blitz"]
[Site "Samarkand"]
[Date "2023.12.30"]
[Round "13"]
[White "Guseinov, Gadir"]
[Black "Matlakov, Maxim"]
[Result "1-0"]
[WhiteElo "2636"]
[BlackElo "2670"]
[PlyCount "67"]
[EventDate "2023.12.29"]
[EventType "swiss (blitz)"]
[EventRounds "21"]
[EventCountry "UZB"]
[SourceTitle "CB01_2024"]
[SourceDate "2024.01.03"]
[SourceVersion "1"]
[SourceVersionDate "2024.01.03"]
[SourceQuality "1"]

1. e4 c5 2. Nc3 e6 3. Nf3 Nc6 4. d4 cxd4 5. Nxd4 Qc7 6. Be3 a6 7. Qd2 Nf6 8. f4 Bb4 9. Bd3 b5 10. a3 Be7 11. e5 Ng4 12. Nxc6 dxc6 13. Ne4 Nxe3 14. Qxe3 Bb7 15. b4 c5 16. Nxc5 Bxc5 17. Qxc5 Qxc5 18. bxc5 Kd7 19. a4 bxa4 20. Rxa4 Bc6 21. Ra5 Rhb8 22. Kd2 Rb4 23. Ke3 h6 24. Rha1 g5 25. g3 gxf4+ 26. gxf4 Bb7 27. c3 Rb2 28. Bxa6 Bxa6 29. Rxa6 Rxa6 30. Rxa6 Rxh2 31. Ra7+ Kc6 32. Rxf7 Kxc5 33. Rf6 Kd5 34. c4+ 1-0

[Event "Wch Blitz"]
[Site "Samarkand"]
[Date "2023.12.30"]
[Round "15"]
[White "Matlakov, Maxim"]
[Black "Adhiban, Baskaran"]
[Result "0-1"]
[WhiteElo "2670"]
[BlackElo "2541"]
[PlyCount "98"]
[EventDate "2023.12.29"]
[EventType "swiss (blitz)"]
[EventRounds "21"]
[EventCountry "UZB"]
[SourceTitle "CB01_2024"]
[SourceDate "2024.01.03"]
[SourceVersion "1"]
[SourceVersionDate "2024.01.03"]
[SourceQuality "1"]

1. d4 e6 2. Nf3 Nf6 3. Bg5 h6 4. Bh4 d6 5. e3 Nbd7 6. Bd3 g5 7. Bg3 Nh5 8. Nbd2 Bg7 9. c3 a6 10. Qe2 Qe7 11. h3 Nxg3 12. fxg3 c5 13. 0-0 0-0 14. g4 b6 15. Ne4 Bb7 16. Ng3 b5 17. Rf2 Nf6 18. Raf1 Rac8 19. Bb1 cxd4 20. exd4 b4 21. Nf5 Qd8 22. Nxg7 Kxg7 23. Ne5 Qc7 24. Rxf6 dxe5 25. dxe5 bxc3 26. bxc3 Qxc3 27. Kh2 Rc5 28. Bg6 Qxe5+ 29. Qxe5 Rxe5 30. Bh5 Bd5 31. Rxf7+ Rxf7 32. Rxf7+ Kg8 33. Rf2 Kg7 34. Rf7+ Kg8 35. Rf2 Re3 36. a4 Ra3 37. Be8 a5 38. Bd7 Kg7 39. Be8 Ra2 40. Rf7+ Kg8 41. Kg1 Rxg2+ 42. Kf1 Rg3 43. Ra7 Rxh3 44. Rxa5 Kf8 45. Bb5 h5 46. gxh5 g4 47. Be2 g3 48. Bg4 Rh1+ 49. Ke2 g2 0-1

[Event "Wch Rapid"]
[Site "Samarkand"]
[Date "2023.12.27"]
[Round "6"]
[White "Nesterov, Arseniy"]
[Black "Matlakov, Maxim"]
[Result "1/2-1/2"]
[WhiteElo "2584"]
[BlackElo "2670"]
[PlyCount "24"]
[EventDate "2023.12.26"]
[EventType "swiss (rapid)"]
[EventRounds "13"]
[EventCountry "UZB"]
[SourceTitle "CB01_2024"]
[SourceDate "2024.01.03"]
[SourceVersion "1"]
[SourceVersionDate "2024.01.03"]
[SourceQuality "1"]

1. d4 Nf6 2. c4 e6 3. Nf3 d5 4. Nc3 Be7 5. Bf4 0-0 6. e3 c5 7. dxc5 Bxc5 8. Qc2 Nc6 9. a3 Qa5 10. Nd2 Bb4 11. Rc1 Bxc3 12. Qxc3 Qd8 1/2-1/2

[Event "Qingdao SCO Teams 5th"]
[Site "Qingdao"]
[Date "2023.12.18"]
[Round "7.11"]
[White "Lama, Milan"]
[Black "Matlakov, Maxim"]
[Result "0-1"]
[WhiteElo "2010"]
[BlackElo "2670"]
[PlyCount "62"]
[EventDate "2023.12.17"]
[EventType "team-tourn (rapid)"]
[EventRounds "9"]
[EventCountry "CHN"]
[SourceTitle "CB52_2023"]
[SourceDate "2023.12.27"]
[SourceVersion "1"]
[SourceVersionDate "2023.12.27"]
[SourceQuality "1"]
[WhiteTeam "Nepal"]
[BlackTeam "Russia"]
[WhiteTeamCountry "NEP"]
[BlackTeamCountry "RUS"]

1. e4 c6 2. d4 d5 3. exd5 cxd5 4. Bd3 Nc6 5. c3 Qc7 6. h3 e6 7. Nf3 Bd6 8. 0-0 Nge7 9. a4 h6 10. Re1 Bd7 11. b4 0-0 12. Qb3 Kh8 13. Na3 a6 14. Bd2 Ng6 15. c4 Bf4 16. cxd5 exd5 17. Qxd5 Bxd2 18. Nxd2 Nxb4 19. Qc4 Qxc4 20. Bxc4 Bxa4 21. Rab1 a5 22. Ne4 Rad8 23. Nc5 Bc6 24. d5 Bxd5 25. Bxd5 Rxd5 26. Rec1 Nf4 27. Rc4 b6 28. Na4 Rf5 29. Nxb6 Re8 30. g4 Nxh3+ 31. Kg2 Rxf2+ 0-1

[Event "Qingdao SCO Teams 5th"]
[Site "Qingdao"]
[Date "2023.12.18"]
[Round "8.8"]
[White "Matlakov, Maxim"]
[Black "Mosadeghpour, Masoud"]
[Result "1-0"]
[WhiteElo "2670"]
[BlackElo "2473"]
[PlyCount "67"]
[EventDate "2023.12.17"]
[EventType "team-tourn (rapid)"]
[EventRounds "9"]
[EventCountry "CHN"]
[SourceTitle "CB52_2023"]
[SourceDate "2023.12.27"]
[SourceVersion "1"]
[SourceVersionDate "2023.12.27"]
[SourceQuality "1"]
[WhiteTeam "Russia"]
[BlackTeam "Iran"]
[WhiteTeamCountry "RUS"]
[BlackTeamCountry "IRI"]

1. d4 Nf6 2. c4 e6 3. Nf3 d5 4. g3 Bb4+ 5. Bd2 Be7 6. Bg2 0-0 7. 0-0 Nbd7 8. Qc2 Ne4 9. Be3 c6 10. Nbd2 Nd6 11. Bf4 f5 12. h4 h6 13. b4 g5 14. hxg5 hxg5 15. Nxg5 Bxg5 16. Bxd6 Be7 17. Bxe7 Qxe7 18. b5 Nf6 19. cxd5 cxd5 20. Rac1 Qb4 21. Nf3 Bd7 22. Qc7 Rac8 23. Qf4 Qe7 24. Ne5 Qg7 25. a4 a6 26. Rb1 axb5 27. axb5 Be8 28. Bf3 Ne4 29. b6 Qg5 30. Qxg5+ Nxg5 31. Rfc1 Ba4 32. Rc7 Rb8 33. Bh5 Rfc8 34. f4 1-0

[Event "Qingdao SCO Teams 5th"]
[Site "Qingdao"]
[Date "2023.12.17"]
[Round "1.11"]
[White "Matlakov, Maxim"]
[Black "Wang, Yue"]
[Result "1-0"]
[WhiteElo "2670"]
[BlackElo "2659"]
[PlyCount "111"]
[EventDate "2023.12.17"]
[EventType "team-tourn (rapid)"]
[EventRounds "9"]
[EventCountry "CHN"]
[SourceTitle "CB52_2023"]
[SourceDate "2023.12.27"]
[SourceVersion "1"]
[SourceVersionDate "2023.12.27"]
[SourceQuality "1"]
[WhiteTeam "Russia"]
[BlackTeam "China"]
[WhiteTeamCountry "RUS"]
[BlackTeamCountry "CHN"]

1. d4 d5 2. c4 dxc4 3. Nf3 Nf6 4. e3 e6 5. Bxc4 c5 6. 0-0 a6 7. Re1 Nc6 8. Nc3 Be7 9. Bd3 cxd4 10. exd4 0-0 11. Ne5 Bd7 12. Re3 g6 13. Rh3 Be8 14. Bh6 Qxd4 15. Bxf8 Bxf8 16. Nxc6 Bxc6 17. Be2 Bc5 18. Qxd4 Bxd4 19. Bf3 Rc8 20. Bxc6 Rxc6 21. Rd3 e5 22. h3 b5 23. Rad1 Kg7 24. R1d2 Rc4 25. a3 b4 26. axb4 Rxb4 27. g3 h5 28. Kg2 a5 29. f4 a4 30. fxe5 Bxe5 31. Re2 Bd4 32. Red2 Be5 33. Rf3 Rc4 34. Re2 Bd4 35. Nb5 Bc5 36. Rf4 Rxf4 37. gxf4 Nd5 38. Kf3 Nb6 39. Rc2 Be7 40. Rc6 Nd5 41. Ra6 Bf6 42. Ke4 Ne7 43. Nc3 g5 44. fxg5 Bxg5 45. Rxa4 f5+ 46. Kf3 Bf6 47. Ra7 Kg6 48. Ra6 Kg5 49. h4+ Kg6 50. b4 Kf7 51. Na4 Nd5 52. b5 Nb4 53. Ra8 Be5 54. b6 Ke7 55. b7 Nc6 56. Nc5 1-0

[Event "Moscow Dvoretsky Memorial Blitz"]
[Site "Moscow"]
[Date "2023.12.09"]
[Round "3"]
[White "Grischuk, Alexander"]
[Black "Matlakov, Maxim"]
[Result "1/2-1/2"]
[WhiteElo "2732"]
[BlackElo "2670"]
[PlyCount "65"]
[EventDate "2023.12.09"]
[EventType "tourn (blitz)"]
[EventRounds "11"]
[EventCountry "RUS"]
[EventCategory "15"]
[SourceTitle "CB50_2023"]
[SourceDate "2023.12.13"]
[SourceVersion "1"]
[SourceVersionDate "2023.12.13"]
[SourceQuality "1"]

1. d4 Nf6 2. c4 e6 3. Nc3 Bb4 4. e3 c5 5. Nge2 d5 6. a3 Ba5 7. dxc5 dxc4 8. Bd2 0-0 9. Ng3 b6 10. Bxc4 bxc5 11. 0-0 Nbd7 12. Qc2 Bb7 13. Rfd1 Bc7 14. Be1 Qe7 15. Rac1 Rac8 16. Be2 Rfd8 17. f3 h5 18. Nge4 Nd5 19. Bf2 Bb8 20. Rd2 N7b6 21. Rcd1 Rd7 22. Bb5 Rdd8 23. Bf1 Rd7 24. Qc1 Be5 25. Bg3 Bxg3 26. hxg3 Rdd8 27. Re1 Rd7 28. Red1 Rcd8 29. Kf2 Rc8 30. Kg1 Rcd8 31. Kf2 Rc8 32. Kg1 Kh8 33. Nb1 1/2-1/2

[Event "Moscow Dvoretsky Memorial Blitz"]
[Site "Moscow"]
[Date "2023.12.09"]
[Round "11"]
[White "Makarian, Rudik"]
[Black "Matlakov, Maxim"]
[Result "1-0"]
[WhiteElo "2530"]
[BlackElo "2670"]
[PlyCount "123"]
[EventDate "2023.12.09"]
[EventType "tourn (blitz)"]
[EventRounds "11"]
[EventCountry "RUS"]
[EventCategory "15"]
[SourceTitle "CB50_2023"]
[SourceDate "2023.12.13"]
[SourceVersion "1"]
[SourceVersionDate "2023.12.13"]
[SourceQuality "1"]

1. d4 Nf6 2. c4 e6 3. Nf3 b6 4. g3 Ba6 5. b3 Bb4+ 6. Bd2 Be7 7. Bg2 0-0 8. 0-0 d5 9. Nc3 Bb7 10. Ne5 Nbd7 11. cxd5 exd5 12. Bf4 Re8 13. Rc1 Nf8 14. Nb5 c5 15. dxc5 bxc5 16. Nd3 Ne6 17. Be5 a6 18. Bxf6 axb5 19. Bxe7 Qxe7 20. Qd2 Red8 21. Rfe1 h6 22. e3 c4 23. Nb4 d4 24. exd4 Bxg2 25. Kxg2 Rac8 26. d5 c3 27. Qe3 Qxb4 28. dxe6 fxe6 29. Qxe6+ Kh8 30. Rc2 Qd4 31. a3 Qd3 32. Qe4 Qd6 33. Re3 Qf6 34. Qf3 Qa6 35. Rcxc3 Qxa3 36. Rxc8 Rxc8 37. Qf5 Qa8+ 38. Qe4 Qb8 39. Qd5 Rd8 40. Qc5 Rc8 41. Qd5 Rd8 42. Qe4 Rf8 43. Rf3 Rxf3 44. Qxf3 Qe8 45. h4 Qd7 46. Qe4 Qd8 47. Qf3 b4 48. Qe4 Qf8 49. g4 Qb8 50. Qc4 Qf8 51. h5 Qb8 52. Qd5 Qf8 53. f3 Qc8 54. Kg3 Qc7+ 55. Kf2 Qc2+ 56. Ke3 Qc3+ 57. Ke4 Qc8 58. Ke5 Qc7+ 59. Ke6 Qc8+ 60. Kd6 Qc3 61. Kd7 Qc2 62. Qa8+ 1-0

[Event "Moscow Dvoretsky Memorial Blitz"]
[Site "Moscow"]
[Date "2023.12.09"]
[Round "9"]
[White "Zakhartsov, Vladimir"]
[Black "Matlakov, Maxim"]
[Result "1-0"]
[WhiteElo "2509"]
[BlackElo "2670"]
[PlyCount "75"]
[EventDate "2023.12.09"]
[EventType "tourn (blitz)"]
[EventRounds "11"]
[EventCountry "RUS"]
[EventCategory "15"]
[SourceTitle "CB50_2023"]
[SourceDate "2023.12.13"]
[SourceVersion "1"]
[SourceVersionDate "2023.12.13"]
[SourceQuality "1"]

1. d4 Nf6 2. c4 e6 3. Nf3 b6 4. a3 Bb7 5. Nc3 d5 6. Bg5 Be7 7. Bxf6 Bxf6 8. cxd5 exd5 9. e3 0-0 10. Bd3 c5 11. 0-0 Nd7 12. Rc1 Rc8 13. Bb1 g6 14. Re1 Re8 15. dxc5 bxc5 16. Nxd5 Bxb2 17. Rc2 Bg7 18. Rd2 c4 19. Nb4 Rc7 20. Nd5 Bxd5 21. Rxd5 Qe7 22. Qc1 Nb6 23. Ra5 Rd8 24. h3 c3 25. Nd4 Bxd4 26. exd4 Qf6 27. Rc5 Rxc5 28. dxc5 Na4 29. Qe3 Rc8 30. Rc1 Kg7 31. Ba2 Rxc5 32. Bb3 Re5 33. Qg3 Rg5 34. Qe3 Re5 35. Qg3 Nc5 36. Qxc3 Ne4 37. Qd4 Rd5 38. Qxf6+ 1-0

[Event "RUS Cup tt"]
[Site "Sochi"]
[Date "2023.12.02"]
[Round "6.2"]
[White "Matlakov, Maxim"]
[Black "Lebedev, Artem S"]
[Result "1-0"]
[WhiteElo "2674"]
[BlackElo "2033"]
[PlyCount "56"]
[EventDate "2023.11.27"]
[EventType "team-swiss"]
[EventRounds "7"]
[EventCountry "RUS"]
[SourceTitle "CB49_2023"]
[SourceDate "2023.12.06"]
[SourceVersion "1"]
[SourceVersionDate "2023.12.06"]
[SourceQuality "1"]
[WhiteTeam "KPRF Club"]
[BlackTeam "Krasnodarsk Region"]
[WhiteTeamCountry "RUS"]
[BlackTeamCountry "RUS"]

1. d4 d5 2. c4 e6 3. Nc3 Nf6 4. cxd5 exd5 5. Bg5 Be7 6. e3 c6 7. Bd3 h6 8. Bf4 0-0 9. h3 Re8 10. Nf3 Bd6 11. Bxd6 Qxd6 12. Qc2 a5 13. 0-0 Na6 14. a3 Nc7 15. Rac1 Ne6 16. Ne5 Qd8 17. f4 c5 18. Bb5 Re7 19. dxc5 Nxc5 20. Nxd5 Nxd5 21. Qxc5 Be6 22. Rfd1 Rc8 23. Qd4 Rec7 24. Rxc7 Qxc7 25. f5 Nxe3 26. fxe6 Nxd1 27. exf7+ Kf8 28. Bc4 Ra8 1-0